<?xml version="1.0" encoding="UTF-8"?><?xml-stylesheet type="text/xsl" href="static/style.xsl"?><OAI-PMH xmlns="http://www.openarchives.org/OAI/2.0/" xmlns:xsi="http://www.w3.org/2001/XMLSchema-instance" xsi:schemaLocation="http://www.openarchives.org/OAI/2.0/ http://www.openarchives.org/OAI/2.0/OAI-PMH.xsd"><responseDate>2026-06-07T15:17:31Z</responseDate><request verb="GetRecord" identifier="oai:docta.ucm.es:20.500.14352/60685" metadataPrefix="marc">https://docta.ucm.es/rest/oai/request</request><GetRecord><record><header><identifier>oai:docta.ucm.es:20.500.14352/60685</identifier><datestamp>2023-09-07T17:17:58Z</datestamp><setSpec>com_20.500.14352_14</setSpec><setSpec>col_20.500.14352_21</setSpec></header><metadata><record xmlns="http://www.loc.gov/MARC21/slim" xmlns:dcterms="http://purl.org/dc/terms/" xmlns:xsi="http://www.w3.org/2001/XMLSchema-instance" xmlns:doc="http://www.lyncode.com/xoai" xsi:schemaLocation="http://www.loc.gov/MARC21/slim http://www.loc.gov/standards/marcxml/schema/MARC21slim.xsd">
   <leader>00925njm 22002777a 4500</leader>
   <datafield ind2=" " ind1=" " tag="042">
      <subfield code="a">dc</subfield>
   </datafield>
   <datafield ind2=" " ind1=" " tag="720">
      <subfield code="a">Fernández López, Sixto Rafael</subfield>
      <subfield code="e">author</subfield>
   </datafield>
   <datafield ind2=" " ind1=" " tag="720">
      <subfield code="a">Henriques, María Helena Paiva</subfield>
      <subfield code="e">author</subfield>
   </datafield>
   <datafield ind2=" " ind1=" " tag="720">
      <subfield code="a">Mouterde, René</subfield>
      <subfield code="e">author</subfield>
   </datafield>
   <datafield ind2=" " ind1=" " tag="720">
      <subfield code="a">Rocha, Rogério B</subfield>
      <subfield code="e">author</subfield>
   </datafield>
   <datafield ind2=" " ind1=" " tag="720">
      <subfield code="a">Sadki, Driss</subfield>
      <subfield code="e">author</subfield>
   </datafield>
   <datafield ind2=" " ind1=" " tag="260">
      <subfield code="c">1988</subfield>
   </datafield>
   <datafield ind2=" " ind1=" " tag="520">
      <subfield code="a">Des récoltes récentes et la révision du matériel déja recueilli dans la
coupe du Bajocien inférieur du Cap Mondego ont permis de distinguer quatre zones et quelques sous-zones.
Le groupe des est relativement abondant dans les couches
de passage de l'Aalénien au Bajocien. Pour établir la limite entre la
Biozone a Concavum et la Biozone a Discites on a utilisé comme critere la
présence des représentants les plus anciens du groupe Hyperlioceras-Toxolio-ceras. Sont aussi fréquents dans la Biozone a Discites les Euoploceras,
Sonninia, fontannesia, Zurcheria et Parasurcheria.
La fréquence des représentants d'Emileites, Witchellia et Fissilobiceras permet de caractériser la Biozone a Laeviuscula ouA deux sous-zones peuvent
étre distinguées.
La base de la sous-zone a Ovalis est marquée par le plus ancien représentant
des Witchelliaj localement prédominent les Otoitidés, notamment
"Docidoceras" gr. longalvum, Emileites, Trilobiticeras s .1.
La sous zone a Laeviuscula se distingue de la sous-zone
la présence du premier représentant de l'espece-indice, w.laeviuscula. Les
Haplopleurocératinés sont fréquents: Bradfordia, Protoecotraustes, Toxamblytes, Microtoxamblytes et Lissoceras.
La Biozone a Sauzei a été caractérisée par l'apparition des Labyrinthoceras et l'albense
des Frogdenites. Les Haplocératidés sont fréquents
dans la plupart des couches. A la partie supérieure, les Sonninidés sont
bien représentées et la sous-zone a Hebridica a été bien caractérisée.
Dans la Biozone a Humphriesianum, espece caractéristique
rencontrée est 3ephanopheras nodosum; Emileites et Otoites sont absents,
mais Dorsetensia et Nannoceras  persistent.</subfield>
   </datafield>
   <datafield ind1="8" ind2=" " tag="024">
      <subfield code="a">https://hdl.handle.net/20.500.14352/60685</subfield>
   </datafield>
   <datafield ind2="0" ind1="0" tag="245">
      <subfield code="a">Le Bajocien Inferieur du Cap Mondego (Portugal) - Essai de biozonation</subfield>
   </datafield>
</record></metadata></record></GetRecord></OAI-PMH>